000 00972nam a2200253Ia 4500
003 OSt
005 20220923211551.0
006 a|||||r|||| 00| 0
007 ta
008 220922b |||||||| |||| 00| 0 pan d
020 _a9789384717520 (hbk)
_c200
024 _a353,557
037 _b1180, 22/01/2020, H.K. Prakashan
_cTextual
040 _aARTS
_cARTS
_bpan
041 _2pan
_apan
082 _aDelta, 153Q8
100 _aਹੋਠੀ, ਸੁਖਦੇਵ ਸਿੰਘ, ਂਚ.
245 0 _aਸੰਤ ਜਨਾ ਵਿਣੁ ਭਾਈਆ ਹਰਿ ਕਿਨੈ ਨ ਪਾਇਅ ਨਾਉ
_b ਮੁਕਤੀ ਦਾ ਮਾਰਗ
260 _aਪੰਜਾਬ
_b ਸਾਹਿਬਦੀਪ ਪ੍ਰਕਾFਨ
_c2018
300 _a144ਪ੍ਰ0
_ccm.
650 _aਅਧਿਆਤਮਵਾਦ
942 _hDelta, 153Q8
_cTEXL
_2CC
999 _c300823
_d300823